Crone der Alten, Das ist, Neu-vollständiges Gebet-Buch/ Vermittelst dessen/ und der darinn enthaltenen so wohl täglichen Morgen- und Abends- als sonderbaren Sonn- und Fest-Täglichen/ auch Beicht- Communion- Stands, und Beruffs- ingleichen in andern Zeit- Noth- Kranckheit- und Todes- Fällen dienlichen Geistreichen Gebete und Seufftzer/ fromme Christen ins gemein/ insonderheit aber Gott-ergebenen Alte und betagte Leute Ihre Hertzen für Gott ausschütten/ damit/ als einer geistlichen Crone den Rest ihres Lebens rechtschaffen bekrönen/ und zu der himmlischen Ehren-Crone sich seliglich bereiten mögen; Von einem Liebhaber Jesu also zusammen getragen: Samt einer Vorrede

Bibliographic Details
Main Author: Olearius, Johann Gottfried, 1635-1711 (Author, Author of introduction, etc.)
Corporate Author: Wittigauische Schriften (Lipsko, Nemecko) (Printer)
Format: Book
Language:German
PhysicalDescription:[30], 736, [14] s. 16,5 cm
Published: Leipzig verlegts Christoph Klinger/ Buchb. 1682
Subjects:

MARC

LEADER 00000nam a2200000 a 4500
001 vtls011784499
003 SK-MaSNL
005 20260301100235.0
008 251112s1682 gw 000 0 ger
015 |a SNBHFA1682 
040 |a SNKHF  |b slo  |c SNK  |e AACR2 
041 0 |a ger 
044 |a gw  |c DE 
072 7 |a 2  |x Náboženstvo  |2 konspekt 
080 |a 2-282.5  |2 2011 
100 1 |a Olearius, Johann Gottfried,  |d 1635-1711  |4 aut  |4 aui  |9 432752 
245 1 0 |a Crone der Alten, Das ist, Neu-vollständiges Gebet-Buch/ Vermittelst dessen/ und der darinn enthaltenen so wohl täglichen Morgen- und Abends- als sonderbaren Sonn- und Fest-Täglichen/ auch Beicht- Communion- Stands, und Beruffs- ingleichen in andern Zeit- Noth- Kranckheit- und Todes- Fällen dienlichen Geistreichen Gebete und Seufftzer/ fromme Christen ins gemein/ insonderheit aber Gott-ergebenen Alte und betagte Leute Ihre Hertzen für Gott ausschütten/ damit/ als einer geistlichen Crone den Rest ihres Lebens rechtschaffen bekrönen/ und zu der himmlischen Ehren-Crone sich seliglich bereiten mögen; Von einem Liebhaber Jesu also zusammen getragen: Samt einer Vorrede  |c M. Johann Gottfrid Olearii, Predigers zur Lieben Frauen zu Hall/ In dieser begvemen Form ausgefertigt/ und herfür geben 
246 3 0 |a Neu-vollständiges Gebet-Buch/ Vermittelst dessen/ und der darinn enthaltenen so wohl täglichen Morgen- und Abends- als sonderbaren Sonn- und Fest-Täglichen/ auch Beicht- Communion- Stands, und Beruffs- ingleichen in andern Zeit- Noth- Kranckheit- und Todes- Fällen dienlichen Geistreichen Gebete und Seufftzer/ fromme Christen ins gemein/ insonderheit aber Gott-ergebenen Alte und betagte Leute Ihre Hertzen für Gott ausschütten/ damit/ als einer geistlichen Crone den Rest ihres Lebens rechtschaffen bekrönen/ und zu der himmlischen Ehren-Crone sich seliglich bereiten mögen; Von einem Liebhaber Jesu also zusammen getragen: Samt einer Vorrede 
260 |a Leipzig  |b verlegts Christoph Klinger/ Buchb.  |c 1682  |f Gedruckt mit Wittigauische Schriften. 
300 |a [30], 736, [14] s.  |c 16,5 cm 
500 |a Frontisice: celostranová ilustrácia s memento mori ; námet k obsahu textu 
508 |a Predslov autora 
561 |a Z knižnice Učenej spoločnosti malohontskej  |5 SNK ID 100807 
562 |a Rukopisný text v slovakizovanej češtine na prvých 6 listoch.  |5 SNK ID 100807 
563 |a Väzba pôvodná so zlátenou ornamentálnou výzdobou ; zlatá oriezka.  |5 SNK ID 100807 
650 0 7 |a teológia  |2 SNKPH  |9 1814 
650 0 7 |a modlitebné knihy  |2 SNKPH  |9 2011 
655 7 |a staré tlače  |2 SNKPH  |9 69193 
710 2 |a Učená spoločnosť malohontská  |4 fmo  |9 205374 
710 0 |a Klinger, Christoph (Lipsko, Nemecko),  |d 1674-1706  |4 pbl  |9 432753 
710 0 |a Wittigauische Schriften (Lipsko, Nemecko)  |4 prt  |9 432754 
752 |a Nemecko  |d Lipsko 
852 |a snk  |b Historické fondy  |p ID 100807 
999 |c 685652  |d 687582 
952 |t MHC II.B.g.380, 1126  |a SNK  |b SNK  |c SNK_HF  |y PREZ  |7 0  |p 17A1301696  |o snkID 100807  |i snk2018/20680  |8 5  |0 0  |1 0  |4 0  |d 2018-10-11  |l 0  |r 2026-02-23 20:10:56  |w 2026-02-23